[Event "FRA-ch Seniors"]
[Site "Chartres"]
[Date "2005.08.17"]
[Round "1"]
[White "Leitner, Walter"]
[Black "Matschek, Robert"]
[Result "1-0"]
[WhiteElo "2097"]
[BlackElo "1830"]
[PlyCount "61"]
[EventDate "2005.08.15"]
[EventType "swiss"]
[EventRounds "10"]
[EventCountry "FRA"]
[SourceTitle "EXT 2006"]
[Source "ChessBase"]
[SourceDate "2005.11.24"]
[SourceVersion "1"]
[SourceVersionDate "2005.11.24"]
[SourceQuality "1"]

1. e4 c5 2. Nf3 e6 3. d4 cxd4 4. Nxd4 a6 5. Nc3 Qc7 6. g3 Nf6 7. Bg2 Nc6 8. Nb3 b5 9. 0-0 Bb7 10. Bf4 d6 11. a4 b4 12. Nb1 Be7 13. N1d2 0-0 14. a5 Ne5 15. Rc1 Nc4 16. Nxc4 Qxc4 17. Qd3 Rac8 18. Rfe1 e5 19. Bg5 Rfd8 20. Be3 d5 21. Bb6 Re8 22. exd5 Qxd3 23. cxd3 Bd6 24. Rc6 Bxc6 25. dxc6 e4 26. dxe4 Be5 27. f4 Bxb2 28. e5 Rxc6 29. Bxc6 Rc8 30. exf6 Rxc6 31. Re8# 1-0